Normal view
MARC view
Entry Personal Name
001 - CONTROL NUMBER
- control field: 39261
003 - CONTROL NUMBER IDENTIFIER
- control field: ARRUPE
005 - DATE AND TIME OF LATEST TRANSACTION
- control field: 20180214154603.0
008 - FIXED-LENGTH DATA ELEMENTS
- fixed length control field: 180214|| aca||aabn | a|a d
040 ## - CATALOGING SOURCE
- Original cataloging agency: ARRUPE
- Transcribing agency: ARRUPE
100 ## - HEADING--PERSONAL NAME
- Personal name: Totemeyer, Gerhard
670 ## - SOURCE DATA FOUND
- Source citation: Work cat.: (ARRUPE)8448: Totemeyer, Gerhard, Namibia old and new:, 1978